Statistics for First-Level Subdivisions of The Baltic Countries

Click here to take the quiz!

General Stats

  • This quiz has been taken 8 times
  • The average score is 34 of 68

Answers on the Map

Answers color-coded by a green-red scale on the quiz's map according to % correct below.
 

Answer Stats

Subdivisions
% Correct
Riga
100%
Tartu
100%
Daugavpils
83%
Hiiu
83%
Jelgava
83%
Jelgava
83%
Kaunas
83%
Liepāja
83%
Pärnu
83%
Saare
83%
Vilnius
83%
Harju
67%
Ida-Viru
67%
Järva
67%
Jõgeva
67%
Jūrmala
67%
Klaipėda
67%
Lääne
67%
Lääne-Viru
67%
Põlva
67%
Rapla
67%
Šiauliai
67%
Valga
67%
Viljandi
67%
Võru
67%
Alytus
50%
Jēkabpils
50%
Krāslava
50%
Marijampolė
50%
Ogre
50%
Panevėžys
50%
Rēzekne
50%
Rēzekne
50%
Smiltene
50%
Tauragė
50%
Telšiai
50%
Utena
50%
Ventspils
50%
Ventspils
50%
Ādaži
33%
Aizkraukle
33%
Alūksne
33%
Augšdaugava
33%
Balvi
33%
Bauska
33%
Cēsis
33%
Dobele
33%
Gulbene
33%
Ķekava
33%
Kuldīga
33%
Limbaži
33%
Līvāni
33%
Ludza
33%
Madona
33%
Mārupe
33%
Olaine
33%
Preiļi
33%
Ropaži
33%
Salaspils
33%
Sigulda
33%
Talsi
33%
Valmiera
33%
Saldus
17%
Saulkrasti
17%
South Kurzeme
17%
Tukums
17%
Valka
17%
Varakļāni
0%

Score Distribution

Percentile by Number Answered

Percent of People with Each Score

Your Score History

You have not taken this quiz